Accounting Information Systems /

Guardado en:
Detalles Bibliográficos
Autor principal: Romney, Marshall B. (autor)
Otros autores: Steinbart, Paul John (autor) (autor)
Formato: Libro
Idioma:Inglés
Publicado: Upper Saddle River, EUA : Pearson : Prentice-Hall, 2006, c2006
Edición:10a edición
Temas:
Etiquetas: Agrega una etiqueta
Sin etiquetas, Sé el primero en etiquetar este registro!

MARC

LEADER 00000nam^a2200000^a^4500
001 000182383
005 20250521000000.0
009 20260310102004.1
020 |a 0-13-147591-6 
037 |a Acervo ITESO - Biblioteca 
041 |a ING 
082 |a 657. 0285  |b ROM 
100 |a Romney, Marshall B.  |e (autor) 
245 1 0 |a Accounting Information Systems /  |c M.B. Romney, P.J. Steinbart. 
250 |a 10a edición 
264 4 |a Upper Saddle River, EUA :  |b Pearson :  |b Prentice-Hall,  |c 2006, c2006 
300 |a XXIII, 805 p. 
336 |a texto  |b txt  |2 rdacontenido 
337 |a sin mediación  |b n  |2 rdamedio 
338 |a volumen  |b nc  |2 rdasoporte 
649 |a XX 
650 |a Contabilidad 
650 |a Proceso Electrónico de Datos 
650 |a Sistemas de Información 
650 |a Ciencias Administrativas 
700 |a Steinbart, Paul John  |e (autor) 
910 |a Fondo General 
920 |a Impresos - Libros 
930 |a Colección General 
905 |a 101 
901 |a 0500122367  |b IT1  |c ACC  |u 20250521 
902 |a https://opac.biblio.iteso.mx/vufind/Record/000182383